00496nam a2200193 a 4500001001300000003000900013005001700022008004100039020001000080082001900090100002200109245003100131260003600162300000900198500003500207505001000242650002800252700002200280nice12345678IN_TiNIC20260116011836.0050524s1940 alla grp 000 0 eng  ac10000a891.43909bSAK aSaksena, Ram Babu aHistory of Urdu Literature aAllahabadbRam Narain Lalc1940 a374p aincludes index and biblioraphy2 aIndex aUrdu-Literature-history1 aSaksena, Ram Babu